| 000 | 00526nam a22001817a 4500 | ||
|---|---|---|---|
| 005 | 20251108172051.0 | ||
| 008 | 250721s1977 xx 000 0 ara d | ||
| 082 | 1 | 4 | _a928/محم |
| 100 | 1 | _aمسعود، محمود | |
| 245 | 1 | 0 | _aمع الشوامخ في أبراجهم / |
| 264 | 1 |
_aالقاهرة : _bدار الهلال للنشر، _c1977. |
|
| 300 | _a162ص | ||
| 490 | 0 | _aسلسلة ثقافية شهرية | |
| 650 | 1 | 7 | _aأدباء العرب |
| 650 | 1 | 7 | _aالتراجم |
| 942 |
_2ddc _cBK |
||
| 999 |
_c69619 _d69619 |
||